Monster house / Columbia Pictures presents in association with Relativity Media ; an ImageMovers/Amblin production ; directed by Gil Kenan ; screenplay by Dan Harmon & Rob Schrab and Pamela Pettler ; story by Dan Harmon & Rob Schrab ; produced by Steve Starkey, Jack Rapke ; executive producers, Robert Zemeckis and Steven Spielberg ; executive producer, Jason Clark.
A group of kids discover that a neighborhood house is actually a monster. To solve the mystery of the house they must go inside it, before it takes everyone that crosses its path.
Record details
- ISBN: 1424824419
- ISBN: 9781424824410
- Physical Description: 1 videodisc (approximately 91 min.) : DVD video, sound, color ; 4 3/4 in.
- Edition: Full screen edition.
- Publisher: Culver City, CA : Sony Pictures Home Entertainment, [2006]
Content descriptions
| General Note: | Originally produced as a motion picture in 2006. Full screen 1.33:1. Special features: Filmmaker commentary; Evolution of a scene : Eliza vs. Nebbercracker (featurettes): Story reel animatic, Performance capture, Layout stage, Animation, Final film, Composite; Inside Monster house (featurettes): Imaginary heroes, Beginner's luck, The best of friends, Lots of dots, Black box theater, Making it real, Did you hear that?; The art of Monster house: Conceptual art, People, Places and things; DVD-ROM (to access games, downloads and more). |
| Restrictions on Access Note: | For private home use only. |
| Creation/Production Credits Note: | Director of photography, Xavier Pérez Grobet ; production designer, Ed Verreaux ; edited by Adam P. Scott, Fabienne Rawley ; music by Douglas Pipes ; costume design by Ruth Myers. |
| Participant or Performer Note: | Voices: Steve Buscemi, Nick Cannon, Maggie Gyllenhaal, Jon Heder, Kevin James, Jason Lee, Catherine O'Hara, Kathleen Turner, Fred Willard, Mitchel Musso, Sam Lerner, Spencer Locke. |
| Target Audience Note: | MPAA rating: PG; for scary images and sequences, thematic elements, some crude humor and brief language CHV rating: PG. |
| System Details Note: | DVD; region 1; full screen presentation; Dolby digital 5.1. |
| Language Note: | Dialogue in English (5.1 Dolby Digital) or dubbed French (5.1 Dolby Digital) with optional subtitles in English or French; closed-captioned. |
Search for related items by subject
| Subject: | Monsters > Drama. Dwellings > Drama. Children > Drama. Houses > Drama. Architecture, Domestic > Drama. |
Available copies
- 1 of 1 copy available at scottsboropl.
Holds
- 0 current holds with 1 total copy.
Show Only Available Copies
| Location | Call Number / Copy Notes | Barcode | Shelving Location | Status | Due Date |
|---|---|---|---|---|---|
| scottsboropl | J DVD Mon | 32269001231300 | Juvenile - DVD | Available | - |
| LDR | 08622cgm a2201705Ii 4500 | ||
|---|---|---|---|
| 001 | 159782 | ||
| 003 | SBPL | ||
| 005 | 20230111122007.0 | ||
| 008 | 060814s2006 cau091 g vaeng d | ||
| 007 | vd cvaizq | ||
| 020 | . | ‡a1424824419 | |
| 020 | . | ‡a9781424824410 | |
| 024 | 1 | 0. | ‡a043396157705 |
| 024 | 1 | . | ‡a043396166844 ‡q(Canada) |
| 024 | 1 | . | ‡a00043396157705 |
| 028 | 4 | 2. | ‡a15770 ‡bSony Pictures Home Entertainment |
| 028 | 4 | 2. | ‡a16684 ‡bSony Pictures Home Entertainment |
| 035 | . | ‡a(OCoLC)70892142 | |
| 035 | . | ‡a(OCoLC)70892142 ‡z(OCoLC)972704392 ‡z(OCoLC)985649862 ‡z(OCoLC)985879820 ‡z(OCoLC)999872007 ‡z(OCoLC)1030767808 ‡z(OCoLC)1049382596 ‡z(OCoLC)1102106476 | |
| 050 | 1 | 4. | ‡aPN1995.9.C55 ‡bM667847 2006 |
| 082 | 0 | 4. | ‡a791.43/34 ‡222 |
| 245 | 0 | 0. | ‡aMonster house / ‡cColumbia Pictures presents in association with Relativity Media ; an ImageMovers/Amblin production ; directed by Gil Kenan ; screenplay by Dan Harmon & Rob Schrab and Pamela Pettler ; story by Dan Harmon & Rob Schrab ; produced by Steve Starkey, Jack Rapke ; executive producers, Robert Zemeckis and Steven Spielberg ; executive producer, Jason Clark. |
| 250 | . | ‡aFull screen edition. | |
| 257 | . | ‡aUnited States ‡2naf | |
| 264 | 1. | ‡aCulver City, CA : ‡bSony Pictures Home Entertainment, ‡c[2006] | |
| 300 | . | ‡a1 videodisc (approximately 91 min.) : ‡bDVD video, sound, color ; ‡c4 3/4 in. | |
| 336 | . | ‡atwo-dimensional moving image ‡btdi ‡2rdacontent | |
| 337 | . | ‡avideo ‡bv ‡2rdamedia | |
| 338 | . | ‡avideodisc ‡bvd ‡2rdacarrier | |
| 340 | . | ‡aDVD video ‡dstamping ‡b4 3/4 in. | |
| 344 | . | ‡adigital ‡boptical ‡gsurround ‡hDolby Digital 5.1 ‡2rda | |
| 345 | . | ‡afullscreen | |
| 346 | . | ‡bNTSC ‡2rda | |
| 347 | . | ‡avideo file ‡bDVD video ‡eregion 1 ‡2rda | |
| 500 | . | ‡aOriginally produced as a motion picture in 2006. | |
| 500 | . | ‡aFull screen 1.33:1. | |
| 500 | . | ‡aSpecial features: Filmmaker commentary; Evolution of a scene : Eliza vs. Nebbercracker (featurettes): Story reel animatic, Performance capture, Layout stage, Animation, Final film, Composite; Inside Monster house (featurettes): Imaginary heroes, Beginner's luck, The best of friends, Lots of dots, Black box theater, Making it real, Did you hear that?; The art of Monster house: Conceptual art, People, Places and things; DVD-ROM (to access games, downloads and more). | |
| 506 | . | ‡aFor private home use only. | |
| 508 | . | ‡aDirector of photography, Xavier Pérez Grobet ; production designer, Ed Verreaux ; edited by Adam P. Scott, Fabienne Rawley ; music by Douglas Pipes ; costume design by Ruth Myers. | |
| 511 | 0 | . | ‡aVoices: Steve Buscemi, Nick Cannon, Maggie Gyllenhaal, Jon Heder, Kevin James, Jason Lee, Catherine O'Hara, Kathleen Turner, Fred Willard, Mitchel Musso, Sam Lerner, Spencer Locke. |
| 520 | . | ‡aA group of kids discover that a neighborhood house is actually a monster. To solve the mystery of the house they must go inside it, before it takes everyone that crosses its path. | |
| 521 | 8 | . | ‡aMPAA rating: PG; for scary images and sequences, thematic elements, some crude humor and brief language ‡aCHV rating: PG. |
| 538 | . | ‡aDVD; region 1; full screen presentation; Dolby digital 5.1. | |
| 546 | . | ‡aDialogue in English (5.1 Dolby Digital) or dubbed French (5.1 Dolby Digital) with optional subtitles in English or French; closed-captioned. | |
| 650 | 0. | ‡aMonsters ‡vDrama. | |
| 650 | 0. | ‡aDwellings ‡vDrama. | |
| 650 | 0. | ‡aChildren ‡vDrama. | |
| 650 | 7. | ‡aHouses ‡vDrama. ‡2sears | |
| 650 | 7. | ‡aArchitecture, Domestic ‡vDrama. ‡2sears | |
| 655 | 0. | ‡aDVD-Video discs. | |
| 655 | 4. | ‡aChildren's ‡vAnimation ‡vFeature. | |
| 655 | 7. | ‡aJuvenile works. | |
| 655 | 7. | ‡aAction and adventure films. ‡2lcgft | |
| 655 | 7. | ‡aComedy films. ‡2lcgft | |
| 655 | 7. | ‡aAnimated films. ‡2lcgft | |
| 655 | 7. | ‡aChildren's films. ‡2lcgft | |
| 655 | 7. | ‡aFeature films. ‡2lcgft | |
| 655 | 7. | ‡aVideo recordings for the hearing impaired. ‡2lcgft | |
| 655 | 7. | ‡aFantasy films. ‡2lcgft | |
| 700 | 1 | . | ‡aKenan, Gil, ‡efilm director. |
| 700 | 1 | . | ‡aHarmon, Dan, ‡d1973- ‡escreenwriter. |
| 700 | 1 | . | ‡aSchrab, Rob, ‡escreenwriter. |
| 700 | 1 | . | ‡aPettler, Pamela, ‡escreenwriter. |
| 700 | 1 | . | ‡aStarkey, Steve, ‡efilm producer. |
| 700 | 1 | . | ‡aRapke, Jack, ‡efilm producer. |
| 700 | 1 | . | ‡aZemeckis, Robert, ‡d1952- ‡efilm producer. |
| 700 | 1 | . | ‡aSpielberg, Steven, ‡d1946- ‡efilm producer. |
| 700 | 1 | . | ‡aClark, Jason ‡c(Film producer), ‡efilm producer. |
| 700 | 1 | . | ‡aBuscemi, Steve, ‡d1957- ‡evoice actor. |
| 700 | 1 | . | ‡aCannon, Nick, ‡d1980- ‡evoice actor. |
| 700 | 1 | . | ‡aGyllenhaal, Maggie, ‡d1977- ‡evoice actor. |
| 700 | 1 | . | ‡aHeder, Jon, ‡d1978- ‡evoice actor. |
| 700 | 1 | . | ‡aJames, Kevin, ‡d1965- ‡evoice actor. |
| 700 | 1 | . | ‡aLee, Jason, ‡d1970- ‡evoice actor. |
| 700 | 1 | . | ‡aO'Hara, Catherine, ‡evoice actor. |
| 700 | 1 | . | ‡aTurner, Kathleen, ‡d1954- ‡evoice actor. |
| 700 | 1 | . | ‡aWillard, Fred, ‡d1939-2020, ‡evoice actor. |
| 700 | 1 | . | ‡aMusso, Mitchel, ‡d1991- ‡evoice actor. |
| 700 | 1 | . | ‡aLerner, Sam, ‡d1993- ‡evoice actor. |
| 700 | 1 | . | ‡aLocke, Spencer, ‡d1991- ‡evoice actor. |
| 700 | 1 | . | ‡aPérez Grobet, Xavier, ‡d1964- ‡ecinematographer. |
| 700 | 1 | . | ‡aVerreaux, Edward, ‡eproduction designer. |
| 700 | 1 | . | ‡aScott, Adam, ‡d1973- ‡efilm editor. |
| 700 | 1 | . | ‡aRawley, Fabienne, ‡efilm editor. |
| 700 | 1 | . | ‡aPipes, Douglas ‡c(Composer), ‡ecomposer. |
| 700 | 1 | . | ‡aMyers, Ruth, ‡d1940- ‡ecostume designer. |
| 710 | 2 | . | ‡aColumbia Pictures, ‡epresenter. |
| 710 | 2 | . | ‡aRelativity Media, ‡epresenter. |
| 710 | 2 | . | ‡aImageMovers (Firm), ‡eproduction company. |
| 710 | 2 | . | ‡aAmblin Entertainment (Firm), ‡eproduction company. |
| 710 | 2 | . | ‡aSony Pictures Home Entertainment (Firm), ‡epublisher. |
| 730 | 0 | . | ‡iContainer of (work): ‡aMonster house (Motion picture) |
| 730 | 0 | . | ‡iContainre of (expression): ‡aMonster house (Motion picture). ‡lFrench. |
| 901 | . | ‡a159782 ‡bAUTOGEN ‡c159782 ‡tbiblio | |